| 000 | 00338nam a2200145Ia 4500 | ||
|---|---|---|---|
| 008 | 230917s9999||||xx |||||||||||||| ||und|| | ||
| 040 |
_e48106 _aMAIN |
||
| 041 | _aEnglish | ||
| 082 | _a822.3 W394W | ||
| 100 | _aWebster, John | ||
| 245 | 0 | _aWhite devil | |
| 260 |
_aLondon _bChatto and Windus _c1958 |
||
| 300 | _a224 p. | ||
| 942 | _cBK | ||
| 999 |
_c138079 _d138079 |
||